[Event "Manhem Chessweek IM"]
[Site "?"]
[Date "1998.06.26"]
[Round "7"]
[White "Berg, Klaus"]
[Black "Bae, Torstein"]
[Result "1/2-1/2"]
[WhiteElo "2400"]
[BlackElo "2180"]
[PlyCount "148"]
[EventDate "1998.06.22"]

1. d4 d5 2. Nf3 Nc6 3. e3 Bg4 4. h3 Bh5 5. Bb5 e6 6. c4 Bb4+ 7. Bd2 Bxd2+ 8.
Nbxd2 Nge7 9. O-O a6 10. Bxc6+ Nxc6 11. Qb3 Rb8 12. cxd5 Qxd5 13. Qxd5 exd5 14.
Rfc1 Ke7 15. Rc5 Rhd8 16. Rac1 Rd7 17. a3 f6 18. b4 Bxf3 19. gxf3 Rc8 20. Nb3
Nd8 21. R5c3 Ne6 22. f4 g6 23. Kg2 c6 24. Kf3 g5 25. Nc5 Rdc7 26. Rg1 gxf4 27.
Nxe6 Kxe6 28. Kxf4 Rf7 29. a4 Rcc7 30. f3 Rg7 31. Rxg7 Rxg7 32. b5 axb5 33.
axb5 Kd6 34. bxc6 bxc6 35. Ra3 Rg6 36. Ra2 Rh6 37. Kg4 Rg6+ 38. Kf4 Rh6 39. Rh2
Ke6 40. h4 Rg6 41. Rc2 Kd6 42. Kf5 Rg3 43. Rf2 Ke7 44. Rf1 Rh3 45. Kg4 Rh2 46.
Ra1 Kf7 47. h5 Rg2+ 48. Kf4 Rg5 49. Ra7+ Kg8 50. h6 Rg6 51. Rc7 Rxh6 52. Kf5
Rh3 53. f4 Rxe3 54. Kxf6 h5 55. f5 Re4 56. Rc8+ Kh7 57. Kg5 Rg4+ 58. Kxh5 Rxd4
59. Rxc6 Rd3 60. Rc7+ Kg8 61. Kg4 Re3 62. Rd7 Kf8 63. Kg5 Re7 64. Rd8+ Kf7 65.
Rxd5 Ra7 66. Rd6 Kg7 67. Rg6+ Kf7 68. Rh6 Ra5 69. Rh7+ Kg8 70. Re7 Kf8 71. Rh7
Ra6 72. Rb7 Rc6 73. Ra7 Rb6 74. f6 Rb1 1/2-1/2

[Event "Manhem Chessweek IM"]
[Site "?"]
[Date "1998.06.26"]
[Round "7"]
[White "Ronneland, Daniel"]
[Black "Akesson, Joel"]
[Result "1/2-1/2"]
[WhiteElo "2320"]
[BlackElo "2290"]
[PlyCount "81"]
[EventDate "1998.06.22"]

1. d4 d5 2. c4 c6 3. Nc3 dxc4 4. e4 b5 5. a4 b4 6. Na2 e5 7. Bxc4 Qxd4 8. Qxd4
exd4 9. Nf3 Bc5 10. Bd2 a5 11. Nc1 Nf6 12. O-O O-O 13. Re1 Ba6 14. Bxa6 Nxa6
15. Nb3 Bb6 16. Nbxd4 Rfe8 17. Nxc6 Ng4 18. Nfd4 Nb8 19. Be3 Nxc6 20. Nxc6 Nxe3
21. fxe3 Rxe4 22. Rad1 Rc8 23. Nd4 g6 24. Kf2 f5 25. g3 Rce8 26. Rd2 Bxd4 27.
Rxd4 Rxd4 28. exd4 Rxe1 29. Kxe1 Kf7 30. Ke2 Ke6 31. h4 Kd5 32. Ke3 b3 33. Kd3
h6 34. Kc3 g5 35. Kd3 f4 36. gxf4 gxf4 37. h5 f3 38. Ke3 f2 39. Kxf2 Kxd4 40.
Ke2 Ke4 41. Kd2 1/2-1/2

[Event "Manhem Chessweek IM"]
[Site "?"]
[Date "1998.06.26"]
[Round "7"]
[White "Moberg, Karl Johan"]
[Black "Winsnes, Rikard"]
[Result "1/2-1/2"]
[WhiteElo "2320"]
[BlackElo "2385"]
[PlyCount "37"]
[EventDate "1998.06.22"]

1. e4 c5 2. Nf3 d6 3. d4 cxd4 4. Nxd4 Nf6 5. Nc3 g6 6. Be3 Bg7 7. f3 O-O 8. Qd2
Nc6 9. O-O-O Nxd4 10. Bxd4 Be6 11. Kb1 Qc7 12. g4 Rfc8 13. h4 Qa5 14. Qg5 Qxg5
15. hxg5 Nd7 16. Bxg7 Kxg7 17. Rh4 Rh8 18. f4 Nb6 19. Bd3 1/2-1/2

[Event "Manhem Chessweek IM"]
[Site "?"]
[Date "1998.06.27"]
[Round "8"]
[White "Berg, Emanuel"]
[Black "Bae, Torstein"]
[Result "1-0"]
[WhiteElo "2390"]
[BlackElo "2180"]
[PlyCount "69"]
[EventDate "1998.06.22"]

1. e4 g6 2. d4 d6 3. Nc3 c6 4. Be3 Bg7 5. Qd2 b5 6. h4 h5 7. f3 Nd7 8. Nh3 Nb6
9. Ng5 b4 10. Nb1 a5 11. a3 bxa3 12. Nxa3 Nf6 13. Nc4 Nxc4 14. Bxc4 O-O 15. Bb3
Qc7 16. O-O c5 17. dxc5 dxc5 18. Ra4 Ba6 19. Rxa5 Bxf1 20. Bxf7+ Kh8 21. Rxa8
Rxa8 22. Kxf1 Nd7 23. Bxg6 Ne5 24. Qd5 Ra1+ 25. Kf2 Nxg6 26. Nf7+ Kh7 27. Ng5+
Kh8 28. Nf7+ Kh7 29. Qxh5+ Kg8 30. Qxg6 Qh2 31. Nh6+ Kh8 32. Qe8+ Kh7 33. Qg8+
Kg6 34. h5+ Kf6 35. Ng4# 1-0

[Event "Manhem Chessweek IM"]
[Site "?"]
[Date "1998.06.27"]
[Round "8"]
[White "Winsnes, Rikard"]
[Black "Ronneland, Daniel"]
[Result "1-0"]
[WhiteElo "2385"]
[BlackElo "2320"]
[PlyCount "129"]
[EventDate "1998.06.22"]

1. e4 c5 2. Nf3 Nc6 3. d4 cxd4 4. Nxd4 Nf6 5. Nc3 d6 6. Bg5 e6 7. Qd2 a6 8.
O-O-O h6 9. Be3 Be7 10. f4 Nxd4 11. Bxd4 b5 12. Qe3 Bb7 13. Bxf6 Bxf6 14. e5
Be7 15. exd6 Bxd6 16. Qd4 Bf8 17. Nxb5 Qxd4 18. Nxd4 Bc5 19. h4 O-O-O 20. c3
Bxd4 21. cxd4 Rd6 22. Rh3 Rhd8 23. Rhd3 Kb8 24. g3 Ka7 25. Be2 R8d7 26. b3 Rc7+
27. Kb2 Rdc6 28. R3d2 a5 29. Bb5 Rc3 30. Bd3 Ba6 31. Rc2 Rxc2+ 32. Bxc2 Rd7 33.
Be4 Bb7 34. Bxb7 Kxb7 35. Kc3 Kb6 36. Kd3 Rc7 37. g4 Kb5 38. a3 g6 39. Rf1 Rc8
40. f5 gxf5 41. gxf5 Rg8 42. Re1 exf5 43. Re5+ Kb6 44. Rxf5 Rg3+ 45. Kc4 a4 46.
bxa4 Rxa3 47. Rf6+ Kc7 48. Rxf7+ Kd6 49. Rf6+ Kd7 50. Rxh6 Rxa4+ 51. Kd5 Ra5+
52. Ke4 Ra1 53. Ke5 Re1+ 54. Kd5 Ra1 55. Rh7+ Kd8 56. h5 Ra5+ 57. Ke6 Ra6+ 58.
Ke5 Ke8 59. d5 Ra1 60. h6 Ra6 61. d6 Ra1 62. Rh8+ Kd7 63. h7 Re1+ 64. Kd4 Rd1+
65. Kc3 1-0

[Event "Manhem Chessweek IM"]
[Site "?"]
[Date "1998.06.27"]
[Round "8"]
[White "Akesson, Joel"]
[Black "Bekker-Jensen, Simon"]
[Result "1-0"]
[WhiteElo "2290"]
[BlackElo "2300"]
[PlyCount "51"]
[EventDate "1998.06.22"]

1. d4 Nf6 2. Nc3 d5 3. Bg5 Nbd7 4. f3 c6 5. Qd2 h6 6. Bf4 Nh5 7. Be5 e6 8.
O-O-O Nxe5 9. dxe5 Qg5 10. e4 Qxd2+ 11. Kxd2 Bc5 12. Nge2 g5 13. h4 Be7 14. g4
Nf4 15. Nxf4 gxf4 16. exd5 cxd5 17. Ne2 f6 18. Nxf4 fxe5 19. Ng6 Rg8 20. Bb5+
Kf7 21. Nxe5+ Kg7 22. f4 a6 23. Bd3 Bd6 24. g5 Bxe5 25. fxe5 Bd7 26. Rdf1 1-0

[Event "Manhem Chessweek IM"]
[Site "?"]
[Date "1998.06.28"]
[Round "9"]
[White "Berg, Klaus"]
[Black "Akesson, Joel"]
[Result "1/2-1/2"]
[WhiteElo "2400"]
[BlackElo "2290"]
[PlyCount "66"]
[EventDate "1998.06.22"]

1. c4 c6 2. e4 d5 3. exd5 cxd5 4. d4 Nf6 5. Nc3 Nc6 6. Nf3 Bg4 7. cxd5 Nxd5 8.
Qb3 Bxf3 9. gxf3 Nb6 10. Be3 e6 11. O-O-O Be7 12. Kb1 O-O 13. f4 Nb4 14. d5
N4xd5 15. Nxd5 exd5 16. Bg2 Bf6 17. a4 Qd7 18. a5 Qf5+ 19. Qd3 Qxd3+ 20. Rxd3
Nc4 21. Rxd5 Nxb2 22. Rd7 Rfd8 23. Rxb7 Na4 24. Rc1 Nc3+ 25. Kc2 Ne2 26. Re1
Rac8+ 27. Kb3 Rd3+ 28. Ka4 Nc3+ 29. Kb4 a6 30. Bc5 Na2+ 31. Ka4 Nc3+ 32. Kb4
Na2+ 33. Ka4 Nc3+ 1/2-1/2

[Event "Manhem Chessweek IM"]
[Site "?"]
[Date "1998.06.28"]
[Round "9"]
[White "Moberg, Karl Johan"]
[Black "Berg, Emanuel"]
[Result "1/2-1/2"]
[WhiteElo "2320"]
[BlackElo "2390"]
[PlyCount "49"]
[EventDate "1998.06.22"]

1. e4 e6 2. d4 d5 3. Nd2 Nf6 4. e5 Nfd7 5. c3 c5 6. Bd3 Nc6 7. Ne2 Qb6 8. Nf3
cxd4 9. cxd4 f6 10. exf6 Nxf6 11. O-O Bd6 12. Bf4 Bxf4 13. Nxf4 O-O 14. Re1 Ne4
15. g3 g5 16. Bxe4 gxf4 17. Bxh7+ Kxh7 18. Ng5+ Kh6 19. Nxe6 Rf6 20. Qg4 Bxe6
21. Rxe6 Qxd4 22. Rae1 Raf8 23. Qh4+ Kg6 24. Qg4+ Kh6 25. Qh4+ 1/2-1/2

[Event "Manhem Chessweek IM"]
[Site "?"]
[Date "1998.06.28"]
[Round "9"]
[White "Bekker-Jensen, Simon"]
[Black "Winsnes, Rikard"]
[Result "0-1"]
[WhiteElo "2300"]
[BlackElo "2385"]
[PlyCount "146"]
[EventDate "1998.06.22"]

1. d4 Nf6 2. c4 g6 3. Nc3 d5 4. Nf3 Bg7 5. Qb3 dxc4 6. Qxc4 O-O 7. e4 a6 8. Be2
b5 9. Qb3 c5 10. dxc5 Bb7 11. O-O Nxe4 12. Nxe4 Bxe4 13. Bg5 Nc6 14. Qe3 Bf5
15. Bh6 Bxb2 16. Rad1 Qa5 17. Bxf8 Rxf8 18. Bd3 Bxd3 19. Rxd3 Qxa2 20. Rd2 Qa3
21. Qe4 Rc8 22. Ng5 Bf6 23. Ne6 Qb3 24. Qxc6 Qxe6 25. Qb7 Kg7 26. Rd7 Qc6 27.
Rc1 b4 28. Qxc6 Rxc6 29. Rb7 Bc3 30. Rb6 Rxc5 31. Rxa6 Rb5 32. Rb1 Be5 33. Rb3
Rc5 34. g3 Bd6 35. Rxd6 exd6 36. Rxb4 Kf6 37. Kg2 Rc3 38. Rf4+ Ke6 39. Re4+ Kf6
40. Rf4+ Ke6 41. Re4+ Kd7 42. Rf4 f5 43. g4 Rc5 44. Rf3 Ke6 45. h3 fxg4 46.
hxg4 h5 47. gxh5 gxh5 48. Rf8 Re5 49. f4 Rf5 50. Rh8 Rxf4 51. Rxh5 d5 52. Rh1
Kd6 53. Kg3 Rf8 54. Rd1 Rf7 55. Kg2 Kc5 56. Rc1+ Kb4 57. Rd1 Kc4 58. Rc1+ Kb3
59. Rd1 Kc4 60. Rc1+ Kb3 61. Rd1 Rf5 62. Kg3 Kc2 63. Kg4 Re5 64. Rd4 Kc3 65.
Rd1 d4 66. Kf4 Re8 67. Rc1+ Kd2 68. Rc7 d3 69. Kf3 Kd1 70. Kf2 d2 71. Rc6 Rf8+
72. Kg3 Rf5 73. Kg4 Re5 0-1